Central Library OPAC University of Rajshahi

The Gospel of Barnabas / (Record no. 32247)

MARC details
000 -LEADER
fixed length control field 01124nam a2200289 a 4500
001 - CONTROL NUMBER
control field 32247
003 - CONTROL NUMBER IDENTIFIER
rucl marc code BD-RjUL
005 - DATE AND TIME OF LATEST TRANSACTION
control field 20211209051816.0
008 - FIXED-LENGTH DATA ELEMENTS--GENERAL INFORMATION
fixed length control field 140424s1975 pk h 000 0 eng
035 ## - SYSTEM CONTROL NUMBER
System control number (BD-RjUL)32336
040 ## - CATALOGING SOURCE
Original cataloging agency DLC
Transcribing agency DLC
Modifying agency BD-RjUL
Language of cataloging eng
041 1# - LANGUAGE CODE
Language code of text/sound track or separate title eng
Language code of original ita
082 00 - DEWEY DECIMAL CLASSIFICATION NUMBER
Classification number 297.293
Author mark and year GOS 1975
245 04 - TITLE STATEMENT
Title The Gospel of Barnabas /
Statement of responsibility, etc. With an introduction by M. A. Rahim.
250 ## - EDITION STATEMENT
Edition statement 4th ed.
260 ## - PUBLICATION, DISTRIBUTION, ETC. (IMPRINT)
Place of publication, distribution, etc. Karachi :
Name of publisher, distributor, etc. Begum Aisha Bawany Wakf,
Date of publication, distribution, etc. 1975
300 ## - PHYSICAL DESCRIPTION
Pagination xxviii, 273 p. ;
Size 21 cm.
500 ## - GENERAL NOTE
General note Cover title.
General note Includes a reproduction of the t.p. of the original bilingual Italian-English ed.: The Gospel of Barnabas. Edited and translated from the Italian MS. in the Imperial Library at Vienna by Lonsdale and Laura Ragg. Oxford, Clarendon Press, 1907.
General note Also called 1st ed.
600 ## - SUBJECT ADDED ENTRY--PERSONAL NAME
Personal name Jesus Christ
General subdivision Islamic interpretations.
650 ## - SUBJECT ADDED ENTRY--TOPICAL TERM
Topical term or geographic name as entry element Islam
General subdivision Relations
-- Christianity.
9 (RLIN) 5519
700 1# - ADDED ENTRY--PERSONAL NAME
Personal name Ragg, Lonsdale,
Dates associated with a name 1866-1945,
Relator term ed.
Personal name Ragg, Laura M.
Fuller form of name (Laura Maria),
Relator term ed.
942 ## - ADDED ENTRY ELEMENTS (KOHA)
Source of classification or shelving scheme Dewey Decimal Classification
Koha item type Books
Holdings
Lost status Source of classification or shelving scheme Damaged status Not for loan Collection code Permanent Location Current Location Shelving location Date acquired Source of acquisition Total Checkouts Full call number Date last seen Copy number Koha item type Cost, normal purchase price
  Dewey Decimal Classification   Not For Loan Non-fiction Central Library, University of Rajshahi Central Library, University of Rajshahi Reading Room 22/08/1977 Asia Foundation   297.293 GOS 1975 24/04/2014 C-1 Books  
  Dewey Decimal Classification     Non-fiction Central Library, University of Rajshahi Central Library, University of Rajshahi   22/08/1977 Asia Foundation   297.293 GOS 1975 24/04/2014 C-8 Books  
  Dewey Decimal Classification     Non-fiction Central Library, University of Rajshahi Central Library, University of Rajshahi   22/08/1977 Asia foundation   297.293 GOS 1975 26/04/2014 C-7 Books 0.00
  Dewey Decimal Classification     Non-fiction Central Library, University of Rajshahi Central Library, University of Rajshahi   22/08/1977 Asia foundation   297.293 GOS 1975 26/04/2014 C-10 Books 0.00
  Dewey Decimal Classification     Non-fiction Central Library, University of Rajshahi Central Library, University of Rajshahi   22/08/1977 Aisha Bawany Foundation, karachi.   297.293 GOS 1975 08/06/2014 C-4 Books  
  Dewey Decimal Classification     Non-fiction Central Library, University of Rajshahi Central Library, University of Rajshahi   22/08/1977 Aisha Bawany Foundation, karachi.   297.293 GOS 1975 26/06/2014 C-5 Books  
  Dewey Decimal Classification     Non-fiction Central Library, University of Rajshahi Central Library, University of Rajshahi   22/08/1977 Aisha Bawany Foundation, karachi.   297.293 GOS 1975 26/06/2014 C-6 Books  
  Dewey Decimal Classification     Non-fiction Central Library, University of Rajshahi Central Library, University of Rajshahi   22/08/1977 Aisha Bawany Foundation, karachi.   297.293 GOS 1975 27/10/2014 C-2 Books  
  Dewey Decimal Classification     Non-fiction Central Library, University of Rajshahi Central Library, University of Rajshahi   27/10/2014 Aisha Bawany Foundation, karachi.   297.293 GOS 1975 27/10/2014 C-3 Books  
  Dewey Decimal Classification     Non-fiction Central Library, University of Rajshahi Central Library, University of Rajshahi   27/10/2014 Aisha Bawany Foundation, karachi.   297.293 GOS 1975 27/10/2014 C-9 Books